000
00289nam a22001337a 4500
008
210429b ||||| |||| 00| 0 eng d
041
_a
eng
080
_a
32
082
_a
32
100
_a
19
101
_a
SHP
245
_a
The New York City Draft Riots
_c
Bernstein,I
942
_2
udc
_c
BK
999
_c
57021
_d
57021